01028cam a2200253 4500001001300000003000400013005001700017008004100034010001700075025002000092050002100112082001600133110014600149245001200295260009800307300002900405500010600434650003700540650001500577651003600592651003600628740009300664999001700757sa 68014325 DLC20260227112630.0700226s1968 ii b 00000 eng  asa 68014325  aPL480:I-E-109140 aHD9526.I62bA545 a338.4/7/67210aIndia (Republic).bIndian Team on the Marketing Prospects in the United States of America for Selected Indian Steel and Engineering Products.00aReport.0 aNew Delhi,bDirectorate of Commercial Publicity, Ministry of Commerce, Govt. of Indiac[1968] aiii, 66 p.bmap.c25 cm. aCover title: Marketing prospects in U.S.A. for Indian steel and engineering products, a study report. 0aSteel industry and tradezIndia. 0aSteelwork. 0aIndiaxCommercezUnited States. 0aUnited StatesxCommercezIndia. 1aMarketing prospects in U.S.A. for Indian steel and engineering products, a study report. c85698d85698